Strategic Planning Process to Company Performance
Proces strategického plánovania a premietnutie do zlepšenia výkonnosti firmy. Preskúmanie procesu strategického plánovania s ohľadom na výkonnosť firmy a s dôrazom na kroky strategického plánovania. Povaha a prax procesu strategického plánovania v etiópskych spoločnostiach.
Salvato in:
| Autore principale: | |
|---|---|
| Natura: | Capitolo di libro |
| Lingua: | inglese |
| Soggetti: | |
| Tags: |
Nessun Tag, puoi essere il primo ad aggiungerne!!
|
MARC
| LEADER | 00000naa a2200000 4500 | ||
|---|---|---|---|
| 001 | 0258906 | ||
| 005 | 20191014102752.7 | ||
| 041 | 0 | |a eng | |
| 044 | |a PT | ||
| 245 | 1 | 0 | |a Strategic Planning Process to Company Performance |c Sisay Te’ame Desta |
| 520 | |a Proces strategického plánovania a premietnutie do zlepšenia výkonnosti firmy. Preskúmanie procesu strategického plánovania s ohľadom na výkonnosť firmy a s dôrazom na kroky strategického plánovania. Povaha a prax procesu strategického plánovania v etiópskych spoločnostiach. | ||
| 610 | 2 | 0 | |a plánovanie strategické |
| 610 | 2 | 0 | |a výkonnosť |
| 610 | 2 | 0 | |a výkonnosť podniku |
| 610 | 2 | 0 | |a spoločnosť |
| 610 | 2 | 0 | |a procesy podnikové |
| 100 | 1 | |a Te’ame Desta, Sisay | |